000 00486nam a2200193Ia 4500
005 20240823023536.0
008 240823s9999||||xx |||||||||||||| ||und||
020 _a0-19-806001-7
041 _aENGLISH
082 _A338.4791 P9
100 _a"Roday,Sunetra et al."
245 0 _aTourism operations and Management
250 _aIst
260 _c2009
_bOxford University
_aNew Delhi
500 _aYES
650 _aTourism
_bManagement Studies
942 _cBK
999 _c181787
_d181787